Polish football (soccer) Ekstraklasa champions (2001-2016) - Statistics

General Stats
  • This quiz has been taken 1,145 times
  • The average score is 14 of 16
Answer Stats
year team % Correct
2002 Legia Warszawa
99%
2006 Legia Warszawa
99%
2013 Legia Warszawa
99%
2014 Legia Warszawa
99%
2016 Legia Warszawa
99%
2010 Lech Poznań
96%
2015 Lech Poznań
96%
2001 Wisła Kraków
86%
2003 Wisła Kraków
86%
2004 Wisła Kraków
86%
2005 Wisła Kraków
86%
2008 Wisła Kraków
86%
2009 Wisła Kraków
86%
2011 Wisła Kraków
86%
2012 Śląsk Wrocław
74%
2007 Zagłębie Lubin
60%
No matching quizzes found
Score Distribution
Percent of People with Each Score
Percentile by Number Answered
Your Score History
You have not taken this quiz